[Event "Steinfurt Bezirksliga 1819"]
[Site "Germany"]
[Date "2019.02.16"]
[Round "7.1"]
[White "Haves, Reinhard"]
[Black "Freitag, Michael"]
[Result "1/2-1/2"]
[WhiteElo "2088"]
[BlackElo "1712"]
[PlyCount "112"]
[EventDate "2018.09.01"]
[EventType "team-tourn"]
[EventRounds "10"]
[EventCountry "GER"]
[SourceTitle "EXT 2020"]
[Source "ChessBase"]
[SourceDate "2019.10.17"]
[SourceVersion "1"]
[SourceVersionDate "2019.10.17"]
[SourceQuality "1"]
[WhiteTeam "Neuenkirchen"]
[BlackTeam "Steinfurt II"]
[WhiteTeamCountry "GER"]
[BlackTeamCountry "GER"]

1. Nf3 d5 2. d4 e6 3. g3 c6 4. Bg2 f5 5. c4 Bd6 6. Nc3 Nf6 7. Qc2 0-0 8. 0-0 Ne4 9. b3 Nd7 10. Bb2 Qf6 11. Rad1 g5 12. e3 h5 13. Ne1 g4 14. Nd3 Qg5 15. Nf4 Ndf6 16. Nce2 Rf7 17. Nd3 Rh7 18. Nef4 h4 19. Ne5 hxg3 20. hxg3 Qh6 21. Rfe1 Nh5 22. Kf1 Bb4 23. Ned3 Bxe1 24. Kxe1 Nxf4 25. Nxf4 Qg5 26. Ke2 Bd7 27. a4 Kf7 28. Nd3 Rah8 29. Rg1 Bc8 30. a5 a6 31. Nc5 Rh2 32. Nd3 Qh6 33. Nf4 Qf8 34. Bxe4 fxe4 35. Bc3 Rh1 36. Re1 Rxe1+ 37. Bxe1 Rh1 38. Qa2 Kf6 39. Qa4 Qd8 40. Qb4 Rg1 41. Qc5 Qe7 42. Qb6 Rh1 43. Bb4 Qd7 44. Qc5 Rh8 45. Ba3 Re8 46. Qb4 Kf5 47. Qc5 Kf6 48. Nh5+ Kf7 49. Nf4 Qc7 50. cxd5 exd5 51. Nxd5 Qd7 52. Nf4 Qf5 53. Qd6 Qb5+ 54. Ke1 Qxa5+ 55. Kf1 Qf5 56. Kg2 Qf6 1/2-1/2

[Event "Steinfurt Bezirksliga 1718"]
[Site "Germany"]
[Date "2018.02.24"]
[Round "5.1"]
[White "Schellmann, Mareike"]
[Black "Freitag, Michael"]
[Result "0-1"]
[WhiteElo "1510"]
[BlackElo "1696"]
[PlyCount "66"]
[EventDate "2017.09.23"]
[EventType "team-tourn"]
[EventRounds "7"]
[EventCountry "GER"]
[SourceTitle "EXT 2019"]
[Source "ChessBase"]
[SourceDate "2018.10.10"]
[SourceVersion "1"]
[SourceVersionDate "2018.10.10"]
[SourceQuality "1"]
[WhiteTeam "Emsdetten Rochade IV"]
[BlackTeam "Steinfurt II"]
[WhiteTeamCountry "GER"]
[BlackTeamCountry "GER"]

1. e4 g6 2. d3 Bg7 3. Nf3 e6 4. Nbd2 Nf6 5. g3 0-0 6. Bg2 c6 7. 0-0 d5 8. Re1 Qb6 9. c3 Nbd7 10. e5 Ng4 11. d4 Nh6 12. h4 c5 13. Nb3 Nf5 14. g4 Ne7 15. Bg5 Nc6 16. Qd2 Qc7 17. h5 c4 18. Nc1 b5 19. Re3 h6 20. hxg6 fxg6 21. Bh4 Rf7 22. Qc2 Nf8 23. Bg3 Qe7 24. Nh4 Qg5 25. Bh3 Bd7 26. f4 Qe7 27. Nxg6 Nxg6 28. Qxg6 Be8 29. Bh4 Qxh4 30. Qxe6 Rd8 31. Ne2 Qe7 32. Qg6 Rxf4 33. Nxf4 Bxg6 0-1

[Event "Steinfurt Bezirksliga 1617"]
[Site "Germany"]
[Date "2017.05.20"]
[Round "9.2"]
[White "Freitag, Michael"]
[Black "Wissing, Philipp"]
[Result "1-0"]
[WhiteElo "1682"]
[BlackElo "1723"]
[PlyCount "79"]
[EventDate "2016.09.24"]
[EventType "team"]
[EventRounds "9"]
[EventCountry "GER"]
[SourceTitle "EXT 2018"]
[Source "ChessBase"]
[SourceDate "2017.10.13"]
[SourceVersion "1"]
[SourceVersionDate "2017.10.13"]
[SourceQuality "1"]
[WhiteTeam "Steinfurt II"]
[BlackTeam "Emsdetten Rochade III"]
[WhiteTeamCountry "GER"]
[BlackTeamCountry "GER"]

1. d4 d5 2. e3 c5 3. c3 Nc6 4. f4 Nf6 5. Bd3 Bg4 6. Nf3 e6 7. 0-0 Bd6 8. Qe1 Bf5 9. Be2 Qb6 10. Kh1 h6 11. Qd1 0-0-0 12. Ne5 Qc7 13. Qa4 Kb8 14. Na3 Bxe5 15. fxe5 Ne4 16. Bf3 a6 17. Bxe4 Bxe4 18. b4 cxb4 19. cxb4 f6 20. b5 Qa5 21. Qxa5 Nxa5 22. Bd2 b6 23. exf6 gxf6 24. Rxf6 Rdf8 25. Raf1 Rxf6 26. Rxf6 Rg8 27. Rf2 Nb7 28. bxa6 Nd6 29. Bb4 Nf5 30. Nb5 Nxe3 31. Bd6+ Ka8 32. h3 Bxg2+ 33. Kh2 Nf1+ 34. Kg1 Bxh3+ 35. Kh1 Ne3 36. Rf7 Bg2+ 37. Kh2 Nf1+ 38. Kg1 Bh3+ 39. Kf2 Rg2+ 40. Ke1 1-0

[Event "Steinfurt Bezirksliga 1516"]
[Site "Germany"]
[Date "2016.03.12"]
[Round "7.2"]
[White "Potalujew, Sergej"]
[Black "Freitag, Michael"]
[Result "1/2-1/2"]
[WhiteElo "1681"]
[BlackElo "1716"]
[PlyCount "61"]
[EventDate "2015.09.19"]
[EventType "team-tourn"]
[EventRounds "9"]
[EventCountry "GER"]
[SourceTitle "EXT 2017"]
[Source "ChessBase"]
[SourceDate "2016.10.25"]
[SourceVersion "1"]
[SourceVersionDate "2016.10.25"]
[SourceQuality "1"]
[WhiteTeam "Ibbenbueren II"]
[BlackTeam "Steinfurt II"]
[WhiteTeamCountry "GER"]
[BlackTeamCountry "GER"]

1. d4 d5 2. Nf3 e6 3. c3 f5 4. Bf4 Nf6 5. e3 Bd6 6. Bxd6 Qxd6 7. Nbd2 Nbd7 8. Bd3 Ne4 9. 0-0 0-0 10. c4 c6 11. c5 Qc7 12. b4 b6 13. Nb3 bxc5 14. Nxc5 Nexc5 15. bxc5 e5 16. Ng5 Nf6 17. dxe5 Qxe5 18. Nf3 Qe7 19. Qc2 Ne4 20. Nd4 Bd7 21. Bxe4 fxe4 22. Rab1 Rfb8 23. Qa4 Rxb1 24. Rxb1 Qxc5 25. h3 Kf8 26. Rb7 Ke8 27. Qd1 g6 28. Rxd7 Kxd7 29. Qg4+ Kd6 30. Qf4+ Kd7 31. Qg4+ 1/2-1/2

[Event "Steinfurt Bezirksliga 1516"]
[Site "Germany"]
[Date "2015.09.19"]
[Round "1.2"]
[White "Freitag, Michael"]
[Black "Bauer, Alfred"]
[Result "1-0"]
[WhiteElo "1716"]
[BlackElo "1397"]
[PlyCount "133"]
[EventDate "2015.09.19"]
[EventType "team-tourn"]
[EventRounds "9"]
[EventCountry "GER"]
[SourceTitle "EXT 2017"]
[Source "ChessBase"]
[SourceDate "2016.10.25"]
[SourceVersion "1"]
[SourceVersionDate "2016.10.25"]
[SourceQuality "1"]
[WhiteTeam "Steinfurt II"]
[BlackTeam "Steinfurt III"]
[WhiteTeamCountry "GER"]
[BlackTeamCountry "GER"]

1. d4 Nf6 2. c3 d5 3. e3 a6 4. f4 h6 5. Bd3 Bg4 6. Nf3 e6 7. Nbd2 Be7 8. 0-0 c5 9. Qe1 Bxf3 10. Rxf3 Nbd7 11. Qg3 Nh5 12. Qg4 Ndf6 13. Qh3 g6 14. g4 Ng7 15. g5 Nfh5 16. gxh6 Rxh6 17. Qg2 Qc7 18. Nf1 0-0-0 19. Bd2 c4 20. Bc2 Rdh8 21. e4 Nf6 22. e5 Nfh5 23. f5 gxf5 24. Bxh6 Rxh6 25. Kh1 Qb6 26. Bd1 Rg6 27. Qf2 Qd8 28. Rh3 Rh6 29. Bxh5 Rxh5 30. Rxh5 Nxh5 31. Qf3 Ng7 32. Ng3 Qh8 33. Rg1 Bh4 34. Rg2 Qh6 35. Nf1 Nh5 36. Rc2 Nf4 37. b3 Nd3 38. Qe3 Qh5 39. Rg2 f4 40. Qh3 Qd1 41. Kg1 Qh5 42. Qg4 Bf2+ 43. Kh1 Qxg4 44. Rxg4 f3 45. h4 Be1 46. Rg8+ Kd7 47. bxc4 Bxh4 48. cxd5 exd5 49. Rh8 Be1 50. Ne3 Bxc3 51. Rh4 Be1 52. Rh7 Bf2 53. Rxf7+ Ke8 54. Rxf3 Bxe3 55. Rxe3 Nf2+ 56. Kg2 Ne4 57. Rxe4 dxe4 58. Kf2 a5 59. Ke3 b5 60. Kxe4 a4 61. Kd3 b4 62. Kc2 Kd7 63. d5 Kc7 64. Kd3 Kb6 65. Kc4 Ka5 66. e6 a3 67. Kb3 1-0

[Event "Steinfurt Bezirksliga 1314"]
[Site "Germany"]
[Date "2013.12.14"]
[Round "4.1"]
[White "Freitag, Michael"]
[Black "Van Dijk, Guido"]
[Result "1-0"]
[WhiteElo "1641"]
[BlackElo "1716"]
[PlyCount "43"]
[EventDate "2013.09.14"]
[EventType "team-tourn"]
[EventRounds "9"]
[EventCountry "GER"]
[SourceTitle "EXT 2015"]
[Source "ChessBase"]
[SourceDate "2014.11.20"]
[SourceVersion "1"]
[SourceVersionDate "2014.11.20"]
[SourceQuality "1"]
[WhiteTeam "Steinfurt II"]
[BlackTeam "Rheine Klein Berlin II"]
[WhiteTeamCountry "GER"]
[BlackTeamCountry "GER"]

1. d4 c6 2. c3 d5 3. f4 e6 4. e3 Nf6 5. Bd3 c5 6. Nf3 Nc6 7. 0-0 h6 8. Nbd2 Bd6 9. Ne5 a6 10. Qf3 Bd7 11. Kh1 Qe7 12. a4 c4 13. Bc2 0-0-0 14. Qe2 Kc7 15. e4 b5 16. Nxc6 Bxc6 17. e5 Rdg8 18. axb5 axb5 19. exd6+ Qxd6 20. Qe5 Bb7 21. Nf3 Ng4 22. Qxd6+ 1-0

[Event "Muensterland Verbandsklasse-B 1112"]
[Site "Germany"]
[Date "2012.03.10"]
[Round "7.8"]
[White "Holtmannspoetter, Michael"]
[Black "Freitag, Michael"]
[Result "1/2-1/2"]
[WhiteElo "1603"]
[BlackElo "1721"]
[PlyCount "114"]
[EventDate "2011.09.17"]
[EventType "team-tourn"]
[EventRounds "9"]
[EventCountry "GER"]
[SourceTitle "EXT 2013"]
[Source "ChessBase"]
[SourceDate "2012.11.22"]
[SourceVersion "1"]
[SourceVersionDate "2012.11.22"]
[SourceQuality "1"]
[WhiteTeam "Reckenfeld"]
[BlackTeam "Steinfurt"]
[WhiteTeamCountry "GER"]
[BlackTeamCountry "GER"]

1. e4 c6 2. d4 d5 3. exd5 cxd5 4. Nf3 Bg4 5. Be2 Nf6 6. 0-0 e6 7. c3 Be7 8. Nbd2 0-0 9. Ne5 Bxe2 10. Qxe2 Qb6 11. Ng4 Nc6 12. Nxf6+ Bxf6 13. Nf3 Rac8 14. Qd3 Qd8 15. Bf4 a6 16. Qd2 Na5 17. b3 b5 18. Rac1 Be7 19. Ne5 Nb7 20. Rfe1 Nd6 21. f3 Re8 22. Nd3 Nf5 23. Qe2 Qb6 24. Kh1 Bf8 25. g4 Nh4 26. Bg3 Ng6 27. Qf2 Bd6 28. h4 Qc7 29. Bxd6 Qxd6 30. h5 Nf8 31. Qh2 Qb6 32. Rc2 Qd8 33. Qg3 h6 34. Nc5 Rc6 35. f4 Qc7 36. Rg1 Rc8 37. g5 hxg5 38. Qxg5 f6 39. Qxf6 Qf7 40. Qxf7+ Kxf7 41. Rcg2 g6 42. hxg6+ Kg7 43. Kh2 a5 44. a3 b4 45. cxb4 axb4 46. a4 R8c7 47. Rg3 Re7 48. R1g2 Rec7 49. Kh3 Re7 50. Rg5 Re8 51. R2g3 Rec8 52. Kg4 R8c7 53. Kh5 Rc8 54. Re3 R8c7 55. Rf3 Ra7 56. Rgg3 Rac7 57. Nd3 Rb7 1/2-1/2

[Event "Muensterland Verbandsklasse-B 1112"]
[Site "Germany"]
[Date "2012.02.11"]
[Round "6.8"]
[White "Freitag, Michael"]
[Black "Kloster, Daniel"]
[Result "1-0"]
[WhiteElo "1721"]
[BlackElo "1593"]
[PlyCount "83"]
[EventDate "2011.09.17"]
[EventType "team-tourn"]
[EventRounds "9"]
[EventCountry "GER"]
[SourceTitle "EXT 2013"]
[Source "ChessBase"]
[SourceDate "2012.11.22"]
[SourceVersion "1"]
[SourceVersionDate "2012.11.22"]
[SourceQuality "1"]
[WhiteTeam "Steinfurt"]
[BlackTeam "Stadtlohn"]
[WhiteTeamCountry "GER"]
[BlackTeamCountry "GER"]

1. d4 d5 2. e3 Nf6 3. Bd3 Bg4 4. f3 Bh5 5. Ne2 e6 6. c3 c6 7. Nf4 Bd6 8. Nxh5 Nxh5 9. f4 Qh4+ 10. Kd2 Qf2+ 11. Qe2 Qxe2+ 12. Kxe2 c5 13. g4 Nf6 14. Kf3 c4 15. Bc2 Nc6 16. Nd2 Ke7 17. e4 dxe4+ 18. Nxe4 Nxe4 19. Bxe4 Rac8 20. Bd2 h5 21. h3 b5 22. Rae1 hxg4+ 23. hxg4 Rxh1 24. Rxh1 Kd7 25. Rh7 Rg8 26. d5 Ne7 27. dxe6+ Kxe6 28. Be3 Bb8 29. Bb7 Nd5 30. f5+ Kd6 31. Bd4 f6 32. Ke4 Re8+ 33. Kf3 Rg8 34. a3 a5 35. Bf2 Bc7 36. Bg3+ Kc5 37. Bxd5 Kxd5 38. Bxc7 a4 39. Bb6 Kc6 40. Bd4 Kd5 41. g5 fxg5 42. Rxg7 1-0

[Event "Muensterland Verbandsklasse-B 1112"]
[Site "Germany"]
[Date "2011.11.12"]
[Round "3.8"]
[White "Hoelter, Dirk"]
[Black "Freitag, Michael"]
[Result "0-1"]
[WhiteElo "1537"]
[BlackElo "1721"]
[PlyCount "74"]
[EventDate "2011.09.17"]
[EventType "team-tourn"]
[EventRounds "9"]
[EventCountry "GER"]
[SourceTitle "EXT 2013"]
[Source "ChessBase"]
[SourceDate "2012.11.22"]
[SourceVersion "1"]
[SourceVersionDate "2012.11.22"]
[SourceQuality "1"]
[WhiteTeam "Heiden II"]
[BlackTeam "Steinfurt"]
[WhiteTeamCountry "GER"]
[BlackTeamCountry "GER"]

1. e4 c6 2. d4 d5 3. Nc3 dxe4 4. Nxe4 Nd7 5. Nf3 Ngf6 6. Ng3 Qc7 7. Bd3 e6 8. c4 Bb4+ 9. Bd2 Bxd2+ 10. Qxd2 0-0 11. 0-0 b6 12. Rfe1 Bb7 13. Ne4 Nxe4 14. Bxe4 Nf6 15. Ne5 Rad8 16. Nf3 Nxe4 17. Rxe4 c5 18. Re3 Bxf3 19. Rxf3 Rxd4 20. Qc3 Rfd8 21. Rf1 Qd6 22. b3 Rd1 23. h3 f6 24. Re3 e5 25. Rfe1 Rd2 26. a4 a5 27. Kf1 Qd7 28. f3 Qf5 29. R1e2 Rd1+ 30. Kf2 Qg5 31. g3 Qf5 32. g4 Qg6 33. Re1 Rxe1 34. Rxe1 Rd3 35. Qb2 Qg5 36. Re2 Qf4 37. Ke1 Qxf3 0-1

[Event "Muensterland Verbandsklasse-B 1112"]
[Site "Germany"]
[Date "2011.10.08"]
[Round "2.7"]
[White "Kumpmann, Ansgar"]
[Black "Freitag, Michael"]
[Result "0-1"]
[WhiteElo "1569"]
[BlackElo "1721"]
[PlyCount "46"]
[EventDate "2011.09.17"]
[EventType "team-tourn"]
[EventRounds "9"]
[EventCountry "GER"]
[SourceTitle "EXT 2013"]
[Source "ChessBase"]
[SourceDate "2012.11.22"]
[SourceVersion "1"]
[SourceVersionDate "2012.11.22"]
[SourceQuality "1"]
[WhiteTeam "Nordwalde"]
[BlackTeam "Steinfurt"]
[WhiteTeamCountry "GER"]
[BlackTeamCountry "GER"]

1. d4 d5 2. c4 e6 3. Nf3 f5 4. cxd5 exd5 5. Nc3 c6 6. Bf4 Nf6 7. e3 Bd6 8. Bxd6 Qxd6 9. Bd3 0-0 10. Qc2 Ne4 11. 0-0-0 Nd7 12. Rdf1 b5 13. Bxe4 fxe4 14. Nd2 Bb7 15. f3 exf3 16. gxf3 a6 17. h4 Rac8 18. Kb1 c5 19. Qd3 c4 20. Qc2 b4 21. Ne2 c3 22. Nb3 cxb2 23. Qxb2 Qg6+ 0-1

[Event "Muensterland Verbandsliga 1011"]
[Site "Germany"]
[Date "2011.03.26"]
[Round "8.8"]
[White "Freitag, Michael"]
[Black "Dittberner, Markus"]
[Result "0-1"]
[WhiteElo "1666"]
[BlackElo "1820"]
[PlyCount "72"]
[EventDate "2010.09.25"]
[EventType "team-tourn"]
[EventRounds "9"]
[EventCountry "GER"]
[SourceTitle "EXT 2012"]
[Source "ChessBase"]
[SourceDate "2011.11.24"]
[SourceVersion "1"]
[SourceVersionDate "2011.11.24"]
[SourceQuality "1"]
[WhiteTeam "Steinfurt"]
[BlackTeam "Muenster Indische Dame"]
[WhiteTeamCountry "GER"]
[BlackTeamCountry "GER"]

1. d4 Nf6 2. e3 g6 3. f4 Bg7 4. Nf3 0-0 5. Nbd2 d6 6. Bc4 Nbd7 7. 0-0 Nb6 8. Bb3 Bd7 9. c3 c5 10. Re1 Qc7 11. a4 a5 12. Qe2 Bc6 13. Rf1 Qd7 14. Qd1 Qc7 15. Qc2 c4 16. Nxc4 Nxc4 17. Bxc4 Bxf3 18. Bxf7+ Kxf7 19. Rxf3 d5 20. h4 e6 21. Rh3 h5 22. Rg3 Ne4 23. Rf3 Bf6 24. g3 Rfc8 25. Qd1 Rab8 26. Kg2 b5 27. axb5 Rxb5 28. Rf1 Rcb8 29. Ra4 Rxb2+ 30. Bxb2 Rxb2+ 31. Kh3 Qd7 32. f5 exf5 33. Rf4 Nxc3 34. Qc1 Nxa4 35. Qd1 Nb6 36. Qa1 Nc4 0-1

[Event "Steinfurt Bezirksliga 0910"]
[Site "Germany"]
[Date "2010.04.24"]
[Round "8.3"]
[White "Werremeyer, Achim"]
[Black "Freitag, Michael"]
[Result "1-0"]
[WhiteElo "1776"]
[BlackElo "1662"]
[PlyCount "63"]
[EventDate "2009.09.12"]
[EventType "team-tourn"]
[EventRounds "9"]
[EventCountry "GER"]
[SourceTitle "EXT 2011"]
[Source "ChessBase"]
[SourceDate "2010.11.26"]
[SourceVersion "1"]
[SourceVersionDate "2010.11.26"]
[SourceQuality "1"]
[WhiteTeam "Westerkappeln"]
[BlackTeam "Steinfurt II"]
[WhiteTeamCountry "GER"]
[BlackTeamCountry "GER"]

1. Nf3 d5 2. c4 e6 3. g3 f5 4. Bg2 c6 5. 0-0 Bd6 6. Qb3 Nf6 7. Nc3 0-0 8. d4 Nbd7 9. Bf4 Bxf4 10. gxf4 Ne4 11. Rad1 Ndf6 12. Ne5 Qe8 13. Nxe4 fxe4 14. Qg3 Nh5 15. Qe3 Nxf4 16. Bh3 Qh5 17. Bg4 Qg5 18. Kh1 Qe7 19. f3 h5 20. fxe4 Qg5 21. Bf3 Rf6 22. Rg1 Qh6 23. Rg3 g5 24. Rdg1 g4 25. Bxg4 hxg4 26. Nxg4 Qh4 27. Nxf6+ Kf7 28. Rg7+ Kf8 29. Rg8+ Kf7 30. R1g7+ Kxf6 31. e5+ Kf5 32. Rf7+ 1-0

[Event "Muensterland Verbandsklasse-B 0809"]
[Site "Germany"]
[Date "2008.10.11"]
[Round "2.8"]
[White "Freitag, Michael"]
[Black "Heller, Gillian"]
[Result "1-0"]
[WhiteElo "1697"]
[BlackElo "1342"]
[PlyCount "87"]
[EventDate "2008.09.13"]
[EventType "team-tourn"]
[EventRounds "9"]
[EventCountry "GER"]
[SourceTitle "EXT 2010"]
[Source "ChessBase"]
[SourceDate "2010.11.25"]
[SourceVersion "1"]
[SourceVersionDate "2010.11.25"]
[SourceQuality "1"]
[WhiteTeam "Steinfurt"]
[BlackTeam "Buldern"]
[WhiteTeamCountry "GER"]
[BlackTeamCountry "GER"]

1. d4 d5 2. e3 f6 3. f4 Nc6 4. Nf3 a6 5. a4 Bg4 6. Nbd2 e5 7. h3 Bxf3 8. Nxf3 e4 9. Nd2 f5 10. g3 Nf6 11. Be2 Bd6 12. Nf1 Qe7 13. c3 Kd7 14. b4 Na7 15. g4 g6 16. g5 Ne8 17. Qb3 c6 18. b5 Nc8 19. bxc6+ Kxc6 20. c4 Bb4+ 21. Bd2 Bxd2+ 22. Nxd2 Nc7 23. Rc1 Nd6 24. cxd5+ Kd7 25. Nc4 Nxc4 26. Bxc4 Rab8 27. Qc3 Rhc8 28. Kf2 Nxd5 29. Qb3 Nc7 30. a5 Qd6 31. Qa4+ Ke7 32. h4 b5 33. axb6 Qxb6 34. Be2 Nb5 35. Rxc8 Rxc8 36. h5 Rb8 37. hxg6 hxg6 38. Rh7+ Kd8 39. Qc4 Nc7 40. Rh8+ Ke7 41. Rh7+ Kd8 42. Qg8+ Ne8 43. Qd5+ Nd6 44. Qe6 1-0

[Event "Steinfurt Bezirksliga 0708"]
[Site "Germany"]
[Date "2008.04.19"]
[Round "8.6"]
[White "Freitag, Michael"]
[Black "Meyer, Oliver"]
[Result "1-0"]
[WhiteElo "1605"]
[BlackElo "1408"]
[PlyCount "73"]
[EventDate "2007.09.22"]
[EventType "team-tourn"]
[EventRounds "9"]
[EventCountry "GER"]
[SourceTitle "EXT 2009"]
[Source "ChessBase"]
[SourceDate "2008.11.26"]
[SourceVersion "1"]
[SourceVersionDate "2008.11.26"]
[SourceQuality "1"]
[WhiteTeam "Steinfurt II"]
[BlackTeam "Emsdetten Rochade III"]
[WhiteTeamCountry "GER"]
[BlackTeamCountry "GER"]

1. d4 e6 2. e3 d5 3. f4 Be7 4. Nf3 Bh4+ 5. g3 Be7 6. Bd3 c6 7. Ne5 Qa5+ 8. c3 Nd7 9. 0-0 Nxe5 10. fxe5 Bd7 11. Qh5 g6 12. Qf3 f5 13. Qd1 0-0-0 14. b4 Qc7 15. a4 h5 16. Na3 h4 17. g4 Nh6 18. Bd2 h3 19. Be2 Nxg4 20. Bxg4 fxg4 21. Qxg4 Bh4 22. Rf7 Rde8 23. Raf1 Qd8 24. e4 Reg8 25. b5 Be8 26. Qxe6+ Bd7 27. Qd6 Bg5 28. Be1 Be3+ 29. Kh1 dxe4 30. Nc4 Bh6 31. b6 a6 32. e6 Bxe6 33. Qxe6+ Kb8 34. Bg3+ Ka8 35. Rxb7 Rg7 36. Rxg7 Bxg7 37. Qxc6# 1-0

[Event "Steinfurt Bezirksliga 0708"]
[Site "Germany"]
[Date "2007.11.10"]
[Round "3.4"]
[White "Hedwig, Johannes"]
[Black "Freitag, Michael"]
[Result "1/2-1/2"]
[WhiteElo "1713"]
[BlackElo "1605"]
[PlyCount "81"]
[EventDate "2007.09.22"]
[EventType "team-tourn"]
[EventRounds "9"]
[EventCountry "GER"]
[SourceTitle "EXT 2009"]
[Source "ChessBase"]
[SourceDate "2008.11.26"]
[SourceVersion "1"]
[SourceVersionDate "2008.11.26"]
[SourceQuality "1"]
[WhiteTeam "Emsdetten Rochade II"]
[BlackTeam "Steinfurt II"]
[WhiteTeamCountry "GER"]
[BlackTeamCountry "GER"]

1. e4 c6 2. d4 d5 3. Nc3 dxe4 4. Nxe4 Bf5 5. Ng3 Bg6 6. Nf3 Nf6 7. h4 h6 8. Bd3 Bxd3 9. Qxd3 Nbd7 10. Bd2 Qc7 11. 0-0-0 0-0-0 12. Qb3 e6 13. Kb1 Bd6 14. Ne2 Ng4 15. Rhf1 Ndf6 16. Be1 Rhe8 17. c4 Rd7 18. Nd2 h5 19. f3 Nh6 20. Ne4 Nxe4 21. fxe4 f5 22. e5 Bf8 23. Bg3 g6 24. d5 cxd5 25. cxd5 Qa5 26. dxe6 Rxd1+ 27. Rxd1 Qa6 28. Nf4 Ng4 29. Nxg6 Bc5 30. Qd5 Qc6 31. Qxc6+ bxc6 32. Rc1 Rxe6 33. Nf4 Rxe5 34. Nxh5 Rd5 35. Nf4 Re5 36. Be1 Be3 37. Nd3 Re6 38. Rd1 c5 39. b3 f4 40. Nb2 Bd4 41. Nd3 1/2-1/2